Statistics for New York Jets Trivia

Click here to take the quiz!

General Stats

  • This quiz has been taken 156 times
  • The average score is 8 of 15

Answer Stats

HintAnswer% Correct
Who is the Jets all time passing leaderJoe Namath
90%
How Many Super Bowls do the Jets have1
89%
What Super Bowl did the Jets win3
89%
Who did the New York Jets draft 2nd overall in the 2021 NFL DraftZach Wilson
83%
Who did the Jets defeat in their Super Bowl victoryBaltimore Colts
72%
The New York Jets and Giants share what stadiumMetLife Stadium
71%
How many player numbers have the New York Jets retired5
69%
What year were the New York Jets founded1960
65%
Who is the Jets all time rushing leaderCurtis Martin
65%
Who is the Jets all time receiving leaderDon Maynard
37%
Who is the Jets all time sack leaderMark Gastineau
37%
What were the New York Jets called before they were called the JetsNew York Titans
31%
Who on the Jets famously injured Patriots quarter back Drew Bledsoe creating the Tom Brady legacyMo Lewis
19%
Who is the Jets all time interception leaderBill Baird
12%
Who is the Jets all time tackle leaderKyle Clifton
3%

Score Distribution

Percentile by Number Answered

Percent of People with Each Score

Your Score History

You have not taken this quiz